000 00545nam a2200205Ia 4500
005 20250923144354.0
008 008 250917s9999 xx 000 0 eng d
037 _aTextual
040 _aDSWL
_beng
_cDSWL
041 _aeng
_2eng
084 _aX:9, H7
_qDSWL
100 _aSelekman, B.M
_9824227
245 0 _aLabour relation and human relation
_cby B.M Selekman
260 _aNew york
_c1947
300 _a255 p.
365 _aUSD
_b3.25
925 _g3.25
942 _cTEXL
_hX:9, H7
999 _c1438038
_d1438038